000 00259nam a2200109Ia 4500
008 200302s9999 xx 000 0 und d
100 _aAndrew Laing & Others
245 _aNew Environment For Working
260 _bE & FN Spon
260 _c1998
300 _a156 P
999 _c4784
_d4784